000 01026cab a2200361 4500
001 ABS57260
008 090401t1997 xxu||||| |||| 00| 0 eng d
035 _a(Sirsi) u79736
041 _aeng
245 _aRegional survey: South & West Yorkshire
260 _c1997
350 _a0
490 _aProperty Week
_v60(2) 11 July 1997, 36-58(10)
650 _aBARNSLEY
650 _aDONCASTER
650 _aHALIFAX
650 _aHENRY BOOT & SON
650 _aHUDDERSFIELD
650 _aINDUSTRIAL MARKET
650 _aINDUSTRIAL RENTS
650 _aLEEDS
650 _aLEISURE MARKET
650 _aPROPERTY-COMMERCIAL PROPERTY-OFFICE PROPERTY-OFFICE PROPERTY MARKET
650 _aOFFICE RENTS
650 _aRENTAL LEVELS
650 _aPROPERTY-COMMERCIAL PROPERTY-RETAIL PROPERTY-RETAIL PROPERTY MARKET
650 _aSHEFFIELD
650 _aSOUTH YORKSHIRE
650 _aWEST YORKSHIRE
690 _aPROPERTY-COMMERCIAL PROPERTY-COMMERCIAL PROPERTY MARKET
942 _n0
948 _c21/07/1997
999 _c50162
_d50162